| 000 | 00632nam a2200241Ia 4500 | ||
|---|---|---|---|
| 003 | OSt | ||
| 005 | 20221007082255.0 | ||
| 006 | a|||||r|||| 00| 0 | ||
| 007 | ta | ||
| 008 | 221006b |||||||| |||| 00| 0 eng d | ||
| 024 | _a14,528 | ||
| 037 | _cReports / Technical Reports | ||
| 040 |
_aFLL _cFLL _beng |
||
| 041 |
_2eng _aeng |
||
| 082 | _aX:54.2., L1 | ||
| 110 | _aGovt. of india | ||
| 245 | 0 | _aRules of origin for generalised system of preferences | |
| 260 | _c1971 | ||
| 300 |
_a80p _ccm. |
||
| 700 | _aGovt. of india | ||
| 942 |
_hX:54.2., L1 _cREP _2CC |
||
| 999 |
_c1165878 _d1165878 |
||